000
00310pam a2200145 a 4500
020
_c
041
_a
eng
082
_a
620.8
_b
ELY
100
_a
Ellyn Daugherty .
245
_a
Biotechnology
_h
Textual Documents
250
_a
2008.
260
_a
[s.l]:
_b
CBS PUB Distr
300
_a
420 pg .
930
_a
9374
999
_c
86279
_d
86279